000 00729nam a22002531i 4500
001 140950
003 ES-MaACL
005 20250803121220.0
007 t|
008 070918s1926 sp ||||0| spa d
080 _a1 Lao-tse
080 _a299.513
100 1 _aWilhelm, Richard.
_9116843
245 1 0 _aLaotsé y el taoismo /
_cRicardo Wilhelm ; traducción del alemán por A. García-Molins.
260 _aMadrid :
_b[s.n.],
_c1926 (
_fTip. Nacional)
300 _a136 p. ;
_c23 cm.
500 _aPubl. de la Revista de Occidente.
600 0 4 _aLaozi
_9241542
650 0 4 _aTaoísmo.
_917283
700 1 _aGarcía-Molins, A.
_954964
852 _aES-MaACL
_jF-70
999 _c140950
_d140950